| 000 | 00627nam 22001813 4500 | ||
|---|---|---|---|
| 001 | 197657 | ||
| 090 | _a197657 | ||
| 100 | _a20250827d u||y0pory50 ba | ||
| 200 |
_aA biblioteca pública : aspectos tipológicos e linhas gerais da sua evolução _fLuís Cabral, Manuel Real |
||
| 210 |
_a[Lisboa] _cBAD _d1982 |
||
| 215 |
_a41, [5] p. _cbrochado _d21 cm |
||
| 606 |
_913666 _aBiblioteconomia _xFunção, valor, utilidade, criação, desenvolvimento de bibliotecas |
||
| 675 |
_a021 _vPT _zpor |
||
| 700 |
_913703 _aCabral _bLuís _f1953-2024 |
||
| 701 |
_913707 _aReal _bManuel |
||
| 801 |
_aPT _bBMMN _gRPC |
||
| 830 | _cVanda | ||
| 990 | _cLIVROS | ||